<?xml version="1.0" encoding="UTF-8"?>
<marc:record xmlns:marc="http://www.loc.gov/MARC21/slim">
   <marc:leader>00000nam a2200000 a 4500</marc:leader>
   <marc:datafield ind1="1" ind2=" " tag="100">
      <marc:subfield code="a">Trieb, Traude</marc:subfield>
      <marc:subfield code="4">aut</marc:subfield>
      <marc:subfield code="e">Verfasser/-in</marc:subfield>
   </marc:datafield>
   <marc:datafield ind1=" " ind2=" " tag="653">
      <marc:subfield code="a">Hebame</marc:subfield>
   </marc:datafield>
   <marc:datafield ind1=" " ind2=" " tag="653">
      <marc:subfield code="a">Ratgeber</marc:subfield>
   </marc:datafield>
   <marc:datafield ind1=" " ind2=" " tag="653">
      <marc:subfield code="a">natürlich</marc:subfield>
   </marc:datafield>
   <marc:datafield ind1=" " ind2=" " tag="653">
      <marc:subfield code="a">zuhause</marc:subfield>
   </marc:datafield>
   <marc:datafield ind1=" " ind2=" " tag="653">
      <marc:subfield code="a">Softcover / Ratgeber/Gesundheit/Schwangerschaft</marc:subfield>
   </marc:datafield>
   <marc:datafield ind1=" " ind2=" " tag="653">
      <marc:subfield code="a">Geburt</marc:subfield>
   </marc:datafield>
   <marc:datafield ind1=" " ind2=" " tag="653">
      <marc:subfield code="a">Säuglinge</marc:subfield>
   </marc:datafield>
   <marc:datafield ind1="0" ind2="0" tag="245">
      <marc:subfield code="a">Mein erstes Kind</marc:subfield>
   </marc:datafield>
   <marc:datafield ind1="0" ind2="0" tag="245">
      <marc:subfield code="b">Schwangerschaft und Geburt</marc:subfield>
   </marc:datafield>
   <marc:datafield ind1="0" ind2="0" tag="245">
      <marc:subfield code="c">Traude Trieb</marc:subfield>
   </marc:datafield>
   <marc:datafield ind1=" " ind2="1" tag="264">
      <marc:subfield code="a">Salzburg</marc:subfield>
      <marc:subfield code="b">Servus</marc:subfield>
      <marc:subfield code="c">2015</marc:subfield>
   </marc:datafield>
   <marc:datafield ind1="1" ind2=" " tag="520">
      <marc:subfield code="a">Angaben aus der Verlagsmeldung

Mein erstes Kind : Schwangerschaft und Geburt / von Traude Trieb

Das erste Kind! Bereits die Nachricht, ein Baby zu bekommen, sorgt für wahre Glücksgefühle. Je größer der Bauch wird, desto unbändiger die Vorfreude auf den kleinen Sonnenschein. Zwischen Heißhungerattacken und Heultagen stellt sich aber auch ein mulmiges Gefühl ein: Wird mein Kind gesund sein? Wie gestaltet sich das Leben als frischgebackene Familie?
Traude Trieb ist Hebamme aus Berufung. Die Zwillingsmama stammt aus einer Hebammendynastie, hat über 2.000 Geburten betreut und eine eigene Baby- und Kinderpflegeserie entwickelt. In diesem einfühlsamen Ratgeber begleitet sie dich durch die aufregende Zeit der Schwangerschaft und Geburt bis hin zum Wochenbett. Mit ihrem Wissen aus dem Bereich der Ganzheitsmedizin kannst du dich ideal auf die Geburt vorbereiten. Sie ermutigt dich auf warmherzige Weise, dein Kind auf natürlichem Weg zur Welt zu bringen.
Denn alles ist gut!
</marc:subfield>
   </marc:datafield>
   <marc:datafield ind1=" " ind2=" " tag="020">
      <marc:subfield code="a">9783710400162</marc:subfield>
      <marc:subfield code="9">9783710400162</marc:subfield>
   </marc:datafield>
   <marc:datafield ind1=" " ind2=" " tag="300">
      <marc:subfield code="a">447 Seiten</marc:subfield>
   </marc:datafield>
</marc:record>
